Príspevok ku vzdelávaniu manažérov

Skúsenosti vzdelávacieho inštitútu Ibis partner, spol. s r.o. Bratislava s prípravou manažérov z praxe. Tri základné oblasti potrieb prípravy manažérov. Stratégie rozvoja manažérov. Definície pojmov vedomosti, zručnosti, postoj a skúsenosti manažérov.

Salvato in:
Dettagli Bibliografici
Autore principale: Burger, Ivan
Natura: Capitolo di libro
Lingua:slovacco
Soggetti:
Tags: Aggiungi Tag
Nessun Tag, puoi essere il primo ad aggiungerne!!

MARC

LEADER 00000naa a2200000 4500
001 r037384
005 20230918123241.4
041 0 |a slo 
044 |a SK 
245 1 0 |a Príspevok ku vzdelávaniu manažérov  |c Ivan Burger 
520 |a Skúsenosti vzdelávacieho inštitútu Ibis partner, spol. s r.o. Bratislava s prípravou manažérov z praxe. Tri základné oblasti potrieb prípravy manažérov. Stratégie rozvoja manažérov. Definície pojmov vedomosti, zručnosti, postoj a skúsenosti manažérov. 
610 2 0 |a vzdelávanie ďalšie 
610 2 0 |a manažéri 
610 2 0 |a zvyšovanie kvalifikácie 
610 2 0 |a rozvoj pracovníkov 
610 2 0 |a vedomosti 
610 2 0 |a zručnosti 
610 2 0 |a postoje 
610 2 0 |a spôsobilosť k práci 
610 2 0 |a Ibis 
100 1 |a Burger, Ivan